Statistics for Peach Pit - Being So Normal song quiz

Click here to take the quiz!

General Stats

  • This quiz has been taken 20 times
  • The average score is 7 of 9

Answer Stats

Being So Normal% Correct
Being so Normal
89%
Hot Knifer
83%
Private Presley
83%
Tommy's Party
83%
Alrighty Aphrodite
78%
Not Me
78%
Techno Show
78%
Chagu's Sideturn
72%
Drop the Guillotine
67%

Score Distribution

Percentile by Number Answered

Percent of People with Each Score

Your Score History

You have not taken this quiz